| 000 | 00000nam 2200000za 4500 |
| 001 | 9.831364 |
| 003 | CaOODSP |
| 005 | 20240624082328 |
| 007 | cr ||||||||||| |
| 008 | 170126s1996 oncdb #o f000 0 fre d |
| 020 | |a0-660-95371-4 |
| 040 | |aCaOODSP|bfre |
| 043 | |an-cn--- |
| 086 | 1 |aNH15-148/1996F-PDF|zNH15-148/1996F |
| 100 | 1 |aClatworthy, Stewart J.|q(Stewart Joseph),|d1948- |
| 245 | 10|aMigration et mobilité de la population autochtone du Canada |h[ressource électronique] / |cpreparé par: Stewart Clatworthy pour: Andrew J. Siggner et Denys Chamberland. |
| 260 | |a[Ottawa] : |bSociété canadienne d'hypothèques et de logement : |bCommission royale sur les peuples autochtones, |c1996. |
| 300 | |axii, 39 p. : |bgraphiques, cartes |
| 500 | |a« Septembre 1996. » |
| 500 | |aÉdition numérisée de l’imprimé par Bureau du Conseil privé. |
| 500 | |aPublié aussi en anglais sous le titre: Migration and mobility of Canada's aboriginal population. |
| 504 | |aComprend des ref. bibliographiques. |
| 520 | |aLa présente étude examine diverses dimensions des tendances de migration, de mobilité résidentielle et de consommation de logement de la population autochtone du Canada. |
| 530 | |aÉgalement publié en version imprimée. |
| 692 | 07|2gccst|aLogement |
| 692 | 07|2gccst|aAutochtones |
| 700 | 1 |aSiggner, Andrew J. |
| 700 | 1 |aChamberland, Denis. |
| 710 | 1 |aCanada. |bBureau du Conseil privé. |
| 710 | 1 |aCanada. |bCommission royale sur les peuples autochtones. |
| 710 | 2 |aSociété canadienne d'hypothèques et de logement. |
| 775 | 08|tMigration and mobility of Canada's aboriginal population |w(CaOODSP)9.846716 |
| 776 | 0#|tMigration et mobilité de la population autochtone du Canada / |w(CaOODSP)9.679882 |
| 856 | 40|qPDF|s31.56 Mo|uhttps://publications.gc.ca/collections/collection_2017/bcp-pco/NH15-148-1996-fra.pdf |
| 986 | |aPF 0203 |